| 000 | 00814pam a2200265 a 4500 | ||
|---|---|---|---|
| 942 | _cBK | ||
| 999 |
_c459 _d459 |
||
| 001 | 3035409 | ||
| 003 | OSt | ||
| 005 | 20250420134811.0 | ||
| 008 | 951006s1996 njua b 001 0 eng | ||
| 010 | _a 95045017 | ||
| 020 | _a9780133708752 | ||
| 040 |
_aDLC _cDLC _dDLC |
||
| 050 | 0 | 0 |
_aQA76.73.C28 _bG69 1996 |
| 082 | 0 | 0 |
_a005.133 _220 |
| 100 | 1 |
_aGraham, Paul, _d1964- _94580 |
|
| 245 | 1 | 0 |
_aANSI Common Lisp / _cPaul Graham. |
| 260 |
_aEnglewood Cliffs, N.J. : _bPrentice Hall, _cc1996. |
||
| 300 |
_axiii, 432 p. : _bill. ; _c23 cm. |
||
| 440 | 0 |
_aPrentice Hall series in artificial intelligence _91086 |
|
| 500 | _a"An Alan R. Apt book." | ||
| 504 | _aIncludes bibliographical references (p. 401-414) and index. | ||
| 650 | 0 |
_aCOMMON LISP (Computer program language) _94581 |
|
| 942 | _2ddc | ||